<?xml version="1.0" encoding="UTF-8"?><?xml-stylesheet type="text/xsl" href="static/style.xsl"?><OAI-PMH xmlns="http://www.openarchives.org/OAI/2.0/" xmlns:xsi="http://www.w3.org/2001/XMLSchema-instance" xsi:schemaLocation="http://www.openarchives.org/OAI/2.0/ http://www.openarchives.org/OAI/2.0/OAI-PMH.xsd"><responseDate>2026-04-17T03:13:14Z</responseDate><request verb="GetRecord" identifier="oai:www.recercat.cat:2072/409834" metadataPrefix="marc">https://recercat.cat/oai/request</request><GetRecord><record><header><identifier>oai:recercat.cat:2072/409834</identifier><datestamp>2024-11-24T23:27:28Z</datestamp><setSpec>com_2072_98</setSpec><setSpec>col_2072_378192</setSpec></header><metadata><record xmlns="http://www.loc.gov/MARC21/slim" xmlns:dcterms="http://purl.org/dc/terms/" xmlns:xsi="http://www.w3.org/2001/XMLSchema-instance" xmlns:doc="http://www.lyncode.com/xoai" xsi:schemaLocation="http://www.loc.gov/MARC21/slim http://www.loc.gov/standards/marcxml/schema/MARC21slim.xsd">
   <leader>00925njm 22002777a 4500</leader>
   <datafield ind2=" " ind1=" " tag="042">
      <subfield code="a">dc</subfield>
   </datafield>
   <datafield ind2=" " ind1=" " tag="720">
      <subfield code="a">Izquierdo Miguel, Rebeca</subfield>
      <subfield code="e">author</subfield>
   </datafield>
   <datafield ind2=" " ind1=" " tag="720">
      <subfield code="a">Àvila i Castells, Anna</subfield>
      <subfield code="e">author</subfield>
   </datafield>
   <datafield ind2=" " ind1=" " tag="260">
      <subfield code="c">2012</subfield>
   </datafield>
   <datafield ind2=" " ind1=" " tag="520">
      <subfield code="a">Wet-only, dry-only, bulk deposition and deposition of sedimentary particles and gases deposited after the last rain (DAR) were collected weekly at La Castanya station in the Montseny mountains (NE Spain, 41°46'N, 2°21'E) from February 2009 to July 2010. These samples were analysed for pH, alkalinity, and the concentrations of major ions (Cl⁻, NO₃⁻, SO₄²⁻, Na⁺, K⁺, Ca²⁺, Mg²⁺, NH₄⁺). Significant differences were observed between bulk and wet-only precipitation, with an enrichment of ions associated to coarse particles in bulk deposition. The comparison between wet and dry fluxes revealed that the removal of compounds at Montseny occurred mainly by wet deposition, which accounted for 74 % of total deposition. The dry flux was characterised by the predominance of K⁺ , Ca²⁺ and Mg²⁺, which are related to coarse particles. Bulk collection methods at Montseny were considered representative of total atmospheric deposition, since bulk deposition plus DAR accounted for 97 % of total deposition measured with wet and dry-only collection devices. Thus, bulk deposition collectors can be recommended for deposition networks at remote sites (lacking electricity connection) in environments, where coarse particles are a predominant fraction of the aerosol mass.</subfield>
   </datafield>
   <datafield tag="653" ind2=" " ind1=" ">
      <subfield code="a">Atmospheric input</subfield>
   </datafield>
   <datafield tag="653" ind2=" " ind1=" ">
      <subfield code="a">Bulk deposition</subfield>
   </datafield>
   <datafield tag="653" ind2=" " ind1=" ">
      <subfield code="a">Dry deposition</subfield>
   </datafield>
   <datafield tag="653" ind2=" " ind1=" ">
      <subfield code="a">Mediterranean region</subfield>
   </datafield>
   <datafield tag="653" ind2=" " ind1=" ">
      <subfield code="a">Precipitation chemistry</subfield>
   </datafield>
   <datafield tag="653" ind2=" " ind1=" ">
      <subfield code="a">Wet deposition</subfield>
   </datafield>
   <datafield ind2="0" ind1="0" tag="245">
      <subfield code="a">Comparison of collection methods to determine atmospheric deposition in a rural Mediterranean site (NE Spain)</subfield>
   </datafield>
</record></metadata></record></GetRecord></OAI-PMH>